"Bola to pre mňa univerzita..." Nad albumom zaslúžilého umelca Ela Romančíka, dlhoročného člena Divadla SNP v Martine

Bibliographic Details
Main Author: Malecová, Jarmila (Author)
Format: Article
Language:Slovak
PhysicalDescription:Obr. 7.
Subjects:

MARC

LEADER 00000nab a2200000 a 4500
001 vtls000038625
003 SK-MaSNL
005 20260303194415.0
008 111103c1979 xo 0 slo
015 |a SNBRB19rr/mm-uuuuu 
035 |a CL0048720 
040 |a SNKBUCL  |b slo  |c SNKBUCL  |e AACR2 
041 0 |a slo 
044 |a xo  |c SK 
080 |a 792  |2 1981 
100 1 |a Malecová, Jarmila  |4 aut  |9 681050 
245 1 0 |a "Bola to pre mňa univerzita..."  |b Nad albumom zaslúžilého umelca Ela Romančíka, dlhoročného člena Divadla SNP v Martine  |c Jarmila Malecová 
300 |b Obr. 7. 
610 2 7 |a Divadlo Slovenského národného povstania  |2 snkbucl  |9 232430 
650 0 7 |a dejiny  |2 snkbucl  |9 3825 
651 7 |a 5306  |2 snkbucl  |9 893716 
655 7 |a články z novín a časopisov  |2 snkbucl  |9 267496 
773 0 |t Život  |g Roč. 29, č. 37 (6. 9. 1979), s. 22-23 
850 |a Slovenská národná knižnica v Martine  |a MTA001 
852 |a SNK  |b KIS3GCP 
958 |a RK 
992 |a RBX 
999 |c 2157366  |d 2159296